Henry Bordeaux (Record no. 184217)

MARC details
000 -LEADER
campo de control de longitud fija 00702nam a2200193 i 4500
001 - NÚMERO DE CONTROL
campo de control 184217
003 - IDENTIFICADOR DE NÚMERO DE CONTROL
campo de control ES-MaACL
005 - FECHA Y HORA DE LA ÚLTIMA TRANSACCIÓN
campo de control 20230906222116.0
008 - DATOS DE LONGITUD FIJA--INFORMACIÓN GENERAL
campo de control de longitud fija 150511s1906 fr |||| | fre d
100 1# - ENTRADA PRINCIPAL--NOMBRE DE PERSONA
Nombre de persona Britsch, Amédée (
Fechas asociadas al nombre 1878-1960)
9 (RLIN) 156850
245 10 - MENCIÓN DEL TÍTULO
Título Henry Bordeaux
Resto del título : biographie critique illustrée d'un portrait, frontispice et d'un autographe suivie d'opinion et d'une bibliographie /
Mención de responsabilidad, etc. par Amedée Britsch.
260 ## - PUBLICACIÓN, DISTRIBUCIÓN, ETC.
Lugar de publicación, distribución, etc. Paris :
Nombre del editor, distribuidor, etc. E. Sansot et Cie,
Fecha de publicación, distribución, etc. 1906.
300 ## - DESCRIPCIÓN FÍSICA
Extensión 72 p. ;
Dimensiones 19 cm.
490 1# - MENCIÓN DE SERIE
Mención de serie Les célébrités d'aujourd'hui
600 04 - PUNTO DE ACCESO ADICIONAL DE MATERIA--NOMBRE DE PERSONA
Nombre de persona Bordeaux, Henry.
9 (RLIN) 30390
830 0# - PUNTO DE ACCESO ADICIONAL DE SERIE-TÍTULO UNIFORME
Título uniforme Les célébrités d'aujourd'hui
9 (RLIN) 180788
852 ## - LOCALIZACIÓN
Ubicación ES-MaACL
Número de control de estantería D-750(1)
Holdings
Estatus retirado Estado de pérdida Estado de daño No para préstamo Biblioteca de origen Biblioteca actual Ubicación en estantería Fecha de adquisición Fuente de adquisición Total de préstamos Signatura topográfica completa Código de barras Visto por última vez Precio de reemplazo Tipo de ítem Koha
        Biblioteca del Ateneo de Madrid Biblioteca del Ateneo de Madrid Sala Valle Inclán 11/05/2015     D-750(1) 901193780 23/02/2023 23/02/2023 Libro impreso